<?xml version="1.0" encoding="UTF-8"?>
<record
    xmlns:xsi="http://www.w3.org/2001/XMLSchema-instance"
    xsi:schemaLocation="http://www.loc.gov/MARC21/slim http://www.loc.gov/standards/marcxml/schema/MARC21slim.xsd"
    xmlns="http://www.loc.gov/MARC21/slim">

  <leader>00255nam a2200097Ia 4500</leader>
  <controlfield tag="001">678827</controlfield>
  <controlfield tag="005">20250826161045.0</controlfield>
  <controlfield tag="008">250824s9999    xx            000 0 und d</controlfield>
  <datafield tag="245" ind1=" " ind2="0">
    <subfield code="a">D&#xDC;NYA NIN MERKEZ&#x130;NE YOLCULUK </subfield>
    <subfield code="c">JULES VERNE </subfield>
  </datafield>
  <datafield tag="260" ind1=" " ind2=" ">
    <subfield code="b">KARATAY GEN&#xC7;L&#x130;K </subfield>
  </datafield>
  <datafield tag="999" ind1=" " ind2=" ">
    <subfield code="c">678827</subfield>
    <subfield code="d">678827</subfield>
  </datafield>
  <datafield tag="952" ind1=" " ind2=" ">
    <subfield code="0">0</subfield>
    <subfield code="1">0</subfield>
    <subfield code="4">0</subfield>
    <subfield code="7">0</subfield>
    <subfield code="a">1008</subfield>
    <subfield code="b">1008</subfield>
    <subfield code="d">2025-08-24</subfield>
    <subfield code="l">0</subfield>
    <subfield code="p">10082619</subfield>
    <subfield code="r">2026-04-02 09:40:22</subfield>
    <subfield code="w">2025-08-26</subfield>
    <subfield code="y">BK</subfield>
  </datafield>
</record>
